000 00827nas a2200265 4500
001 BR2016005057
003 BR-BrBNA
005 20231205130742.0
007 ta
008 230509b bl.|||p| |||| 00| 00por d
040 _aBR-BrBNA
_bpor
_cBiblioteca Nacional de Agricultura
041 _a(Pt)
072 _aE71; E14
100 1 _aBrito, L.M.
100 1 _aSilva, O.M.
245 1 _aPolítica agrícola brasileira e os acordos SPS e TBT da OMC - Padronização ou proteção?
650 _aAGRONEGÓCIO
650 _aTARIFA
650 _aCOMÉRCIO EXTERIOR
650 _aLEGISLAÇÃO
650 _aPOLÍTICAS PÚBLICAS
773 0 _tRevista de Política Agrícola (Brazil)
_xISSN 1413-4969
_g(Apr-Jun 2016), v. 25(2) p. 103-122
_wBR2016005057
909 _a202311
_bLúcia
_c55
_dLúcia Elande
942 _2AGRIS
_n0
_cANA
999 _c251014
_d251014